00485nam a2200181Ia 4500003000400000008004100004040001600045082001600061100001900077245005300096260004800149300001000197650001200207650002100219650001800240650002100258650002400279GCL140319s9999 xx 000 0 eng d aGCL / cGCL04a843.83bL M1 aLITZ, A.WALTON10aMAJOR AMERICAN: SHORT STORIES / cLITZ, A.WALTON a[S.N] : bOXFORD UNIVERSITY PRESS ، c1994 a882 P04aSTORIES04aENGLISH LANGUAGE04aSHORT STORIES04aAMERICAN FICTION04aAMERICAN LITERATURE